000 00820nam a2200253Ia 4500
008 191130s2007##################000#0#eng##
020 _a9780321419316
022 _a2006019685
040 _aACL
_cACL
082 _a330.0151927 HOL
100 _aHolt, Charles A
245 _aMarkets, games, & strategic behavior
_cCharles A. Holt
260 _aBoston
_bPearson Addison Wesley
_cc2007
300 _axviii, 462, 79 p. : ill. ; 24 cm
500 _aIncludes bibliographical references (p. 433-450) and index
650 _aEconomics - Psychological aspects
650 _aEconomics - Study and teaching (Graduate) - Simulation methods
650 _aGame theory
650 _aMarkets
650 _aNegotiation in business
990 _a5a3bccf5ac10000c2baabbba8dd57150
991 _a410814
999 _c274815
_d274815